000 00656nam a22002417a 4500
003 UA-OsUOA
001 92948
007 ta
008 20130103b un ||||| |||| 00| 0 ukr d
100 _aБорисов Н.
700 _aБольшакова С.
090 _a821.161.1
_bБ82
942 _cBK
040 _aUA-OsUOA
_brus
_cUA-OsUOA
_dUA-OsUOA
245 _aЗдравствуй, Зоина школа!
300 _a143 с с.
955 _a3
041 _arus
080 _a821.161.1
260 _aМ.
_bМолодая гвардия
_c1978
650 7 _a82 Література. Літературознавство
_2UDC
999 _c378882
_d378882